II Festival Poesía y Música
Guardat en:
| Autor corporatiu: | |
|---|---|
| Format: | Llibre |
| Idioma: | espanyol |
| Publicat: |
Santiago
Centro Cultural de España
2016
|
| Edició: | 1a. ed |
| Matèries: | |
| Etiquetes: |
Afegir etiqueta
Sense etiquetes, Sigues el primer a etiquetar aquest registre!
|
MARC
| LEADER | 00000cam a2200000 a 4500 | ||
|---|---|---|---|
| 001 | UCD9330 | ||
| 003 | CL-VaPUC | ||
| 008 | 170616e20160000cl |||||||||||||||||spa|d | ||
| 082 | 0 | 4 | |a Ch861 |b CEN |2 21 |
| 110 | 2 | |a Centro Cultural de España |e author |9 593042 | |
| 245 | 1 | 0 | |a II Festival Poesía y Música |
| 250 | |a 1a. ed | ||
| 300 | |a 55 p | ||
| 942 | |c BK | ||
| 945 | |d 20170616 21:05:00 |a dcastane | ||
| 260 | |a Santiago |b Centro Cultural de España |c 2016 | ||
| 500 | |a Incluye cd con audio de las obras presentadas en el libro | ||
| 650 | 0 | |a Poesías chilenas |9 265280 | |
| 650 | 0 | |a Literatura chilena |9 308278 | |
| 650 | 7 | |a FESTIVALES |2 CL-VaPUC |9 567605 | |
| 583 | |a last modification |c 20170616 21:05:00 |k Rodrigo Vera | ||
| 999 | |c 368560 |d 368558 | ||
| 952 | |0 0 |1 0 |3 erb |4 0 |6 CH_861_000000000000000_CEN_2016 |7 0 |8 A |9 483914 |a BIBART |b BIBART |i 5398150 |o Ch861 CEN 2016 |p 5398150 |r 2025-03-13 |w 2019-11-24 |y BK |z Catalogado en:20170616 |k ART | ||
| 952 | |0 0 |1 0 |2 ddc |3 cd |4 0 |6 CH_861_000000000000000_CEN_2016 |7 0 |8 A |9 483915 |a BIBART |b BIBART |i 5398169 |o Ch861 CEN 2016 |p 5398169 |r 2025-03-13 |w 2019-11-24 |y MU |z Catalogado en:20170616 |k ART | ||
| 952 | |0 0 |1 0 |3 erb |4 0 |6 CH_861_000000000000000_CEN_2016 |7 0 |8 A |9 483916 |a BIBART |b BIBART |i 5398177 |o Ch861 CEN 2016 |p 5398177 |r 2025-03-13 |w 2019-11-24 |y BK |z Catalogado en:20170616 |k ART | ||
| 952 | |0 0 |1 0 |2 ddc |3 cd |4 0 |6 CH_861_000000000000000_CEN_2016 |7 0 |8 A |9 483917 |a BIBART |b BIBART |i 5398185 |o Ch861 CEN 2016 |p 5398185 |r 2023-01-11 |w 2019-11-24 |y MU |z Catalogado en:20170616 |k ART | ||
| 952 | |0 0 |1 0 |3 erb |4 0 |6 CH_861_000000000000000_CEN_2016 |7 0 |8 A |9 483918 |a BIBART |b BIBART |i 5402085 |o Ch861 CEN 2016 |p 5402085 |r 2025-03-13 |w 2019-11-24 |y BK |z Catalogado en:20170630 |k ART | ||